000 01073cam a22003137a 4500
001 15199236
003 OSt
005 20231229145638.0
008 080229s2008 gw a b 001 0 eng
010 _a 2008924058
015 _aGBA820937
_2bnb
016 7 _a014525712
_2Uk
020 _a9783540777144 (hbk.)
020 _a3540777148 (hbk.)
035 _a(OCoLC)ocn195744706
040 _aUKM
_cUKM
_dYDXCP
_dBAKER
_dBTCTA
_dOHX
_dBWX
_dYOU
_dOCLCQ
_dDLC
042 _aukblcatcopy
_alccopycat
050 0 0 _aTJ285
_b.A59 2008
082 0 4 _a621.183
_bANN/S
100 1 _aAnnaratone, Donatello
_910242
245 1 0 _aSteam generators :
_bdescription and design /
_cDonatello Annaratone.
260 _aBerlin :
_bSpringer,
_cc2008.
300 _axv, 427 p. :
_bill. ;
_c24 cm.
504 _aIncludes bibliographical references (p. 419-422) and index.
650 0 _aSteam-boilers.
906 _a7
_bcbc
_ccopycat
_d2
_encip
_f20
_gy-gencatlg
942 _2ddc
_cBK
_h621.183
_iANN/S
_k621.183
_mANN/S
999 _c44246
_d44246